| 000 | 00744cam a22002533a 4500 | ||
|---|---|---|---|
| 001 | 13947 | ||
| 003 | PGUSA | ||
| 005 | 20140828083311.0 | ||
| 008 | 041104s2004||||xxu|||||s|||||000 1 eng d | ||
| 040 |
_aPGUSA _beng |
||
| 042 | _adc | ||
| 050 | 4 | _aPQ | |
| 100 | 1 |
_aDumas, Alexandre, _d1802-1870 |
|
| 245 | 1 | 0 |
_aLe vicomte de Bragelonne, Tome I. _h[electronic resource] / _cAlexandre Dumas |
| 260 |
_bProject Gutenberg, _c2004 |
||
| 506 | _aPublic domain in the USA. | ||
| 516 | _aElectronic text | ||
| 653 | _aAdventure stories | ||
| 653 | _aFrance -- History -- Louis XIV, 1643-1715 -- Fiction | ||
| 653 | _aHistorical fiction | ||
| 830 | 0 |
_aProject Gutenberg _v13947 |
|
| 856 | 4 | 0 | _uhttp://www.gutenberg.org/ebooks/13947 |
| 942 | _cEB | ||
| 999 |
_c243202 _d243202 |
||